000 00266nmm a2200097Ia 4500
008 220120s9999||||xx |||||||||||||||||und||
020 _a81-7853-3072-4
100 _aDigit
245 0 _aOpen source starterpack, fresh linux distros, introduction t
260 _bBangalore
999 _c140045
_d140045